Responses for Show #5566 - Monday, November 17, 2008

2008-B Teen Tournament semifinal game 1.

Ask Alex #3: Writing.

Contestants

[<< previous game]

Audrey Hosford, a junior from Annapolis, Maryland

Ben Chuchla, a senior from Calabasas, California

Brandon Blackwell, a sophomore from Holliswood, New York

[next game >>]

Jeopardy! Round responses

AN "F" IN HISTORY
KIDS RULE PRIME TIME
YOU GIVE ME THE BLUES
WORLD LITERATURE
FIRST NAMES
FROM THE LATIN
    $200 2
Ferdinand

Brandon
    $200 1
Heroes

Ben
    $200 26
blue book

Audrey
    $200 19
(Victor) Hugo

Audrey
    $200 7
David

Brandon
    $200 16
pawn

Audrey
    $400 3
the Forty-Niners

Brandon
    $400 8
Kid Nation

Audrey
    $400 27
hockey

Triple Stumper
    $400 20
Switzerland

Brandon
    $400 9
Matthew

Audrey
    $400 17
a quadruped

Brandon
    $600 4
(Brandon: What is the French Revolution?)

the French & Indian War

Brandon
    $600 10
lively

Audrey
    $600 28
Blue Shield

Audrey
    $600 23
London

Brandon
    $600 13
Florence

Ben
    $600 18
friar

Audrey
    $800 5
Finland

Ben
    $800 11
Ugly Betty

Brandon
    $800 29
tiger

Audrey
    $800 24
Spanish

Ben
    $800 14
Selma

Triple Stumper
    $800 21
apex

Ben
    $1000 6
the Fourteen Points

Ben
    $1000 12
Desperate Housewives

Audrey
    $1000 30
sacre bleu

Audrey
    $1000 25
Ibsen

Audrey
    $1000 15
William

Audrey
    $1000 22
a madrigal

Audrey

Scores at the first commercial break (after clue 15):

Brandon Ben Audrey
$1,000 $2,600 $3,400

Scores at the end of the Jeopardy! Round:

Brandon Ben Audrey
$2,400 $4,200 $9,000

Double Jeopardy! Round responses

SCIENCE GLOSSARY
BALLETS THAT TEENS LIKE
NOTABLE NAMES
WORLD CAPITALS
START YOUR ENGINES
"SUP"
    $400 6
light

Audrey
    $400 26
The Nutcracker

Audrey
    $400 16
Winston Churchill

Brandon
    $400 11
Nairobi

Brandon
    $400 21
the Prius

Ben
    $400 1
suppose

Brandon
    $800 7
thermal

Brandon
    $800 27
diamonds

Ben
    $800 17
(George Washington) Carver

Audrey
    $3,400 12
(Brandon: What is Stockholm?)

Oslo

Brandon
    $800 22
the Space Shuttle

Ben
    $800 2
supplementary

Brandon
    $1200 8
viruses

Audrey
    $1200 28
Elvis Presley

Ben
    $1200 18
Geiger

Ben
    $1200 13
Prague

Audrey
    $1200 23
a steam engine

Triple Stumper
    $1200 3
(Ben: What is supper?)

suppertime

BrandonBen
    $1600 9
density

Brandon
    $1600 29
West Side Story

Audrey
    $1600 19
Dr. Michael DeBakey

Triple Stumper
    $1600 14
San Salvador

Audrey
    $1600 24
a submarine

Brandon
    $1600 4
support

Brandon
    $2000 10
(Ben: What is the critical temperature?)

the flash point

Ben
Triple Stumper
    $2000 30
the prodigal son

Audrey
    $2000 20
(Audrey: Who is Webster?)

Samuel Johnson

Audrey
Triple Stumper
    $2000 15
Minsk

Triple Stumper
    $5,000 25
(Brandon: I don't know. What is a combustion engine?)

a Diesel engine

Brandon
    $2000 5
supplicant

Audrey

Scores at the end of the Double Jeopardy! Round:

Brandon Ben Audrey
$2,800 $5,400 $18,200
(lock game)

[wagering suggestions for these scores]

Final Jeopardy! Round responses

19th CENTURY POLITICS
BrandonWho was Carver?
$0
BenWho was Douglas?
$5,400
AudreyWho is Thurgood Marshall
$100
Frederick Douglass

Final scores:

Brandon Ben Audrey
$2,800 $10,800 $18,100
3rd place: $10,000 2nd place: $10,000 Finalist

Game dynamics:

Coryat scores:

Brandon Ben Audrey
$11,800 $5,400 $18,200
16 R,
3 W
(including 3 DDs)
11 R,
2 W
23 R,
1 W

Combined Coryat: $35,400

[game clues] [game scores] [suggest correction]

Game tape date: 2008-10-06
The J! Archive is created by fans, for fans. Scraping, republication, monetization, and malicious use prohibited; this site may use cookies and collect identifying information. See terms. The Jeopardy! game show and all elements thereof, including but not limited to copyright and trademark thereto, are the property of Jeopardy Productions, Inc. and are protected under law. This website is not affiliated with, sponsored by, or operated by Jeopardy Productions, Inc. Join the discussion at JBoard.tv.